000 01156cam a22002651i 4500
003 SA-RiAUC
005 20250328121043.0
008 250314s1964 ua g d 000 0 ara c
040 _aSA-JeALM
_bara
_cSA-RiAUC
_erda
082 0 4 _a413
_qSA-RiAUC
090 _a413
_b ا ز هـ
100 1 _aالأزهري، محمد بن أحمد بن الأزهر،
_d282-370 هجري
_eمؤلف.
245 1 0 _aتهذيب اللغة /
_cأبو منصور محمد بن أحمد الأزهري ؛ تحقيق عبد السلام محمد هارون. راجعه محمد علي النجار
264 1 _aالقاهرة :
_bالمؤسسة المصرية للتأليف والترجمة،
_c1964
300 _a17 مجلد ؛
_c27 سم.
336 _aنص
_btxt
_2rdacontent
_3كتاب
337 _aبدون وسيط
_bn
_2rdamedia
338 _aمجلد
_bnc
_2rdacarrier
490 0 _aتراثنا
650 7 _aاللغة العربية
_vمعاجم
_2aucsh
700 1 _aهارون، عبد السلام محمد،
_d1909-1988
_eمحقق.
700 _aالنجار، محمد علي
_eمراجع.
942 _2ddc
_cBOOK
_n0
949 _aSA-JeALM
_d250314
_uosman123
_n1
999 _c6397
_d6397